000 00534 a2200157 4500
999 _c3744
_d3744
020 _a9780073201955
050 _aHQ1206 CRA 2006
100 _aCrawford, Mary
_eauthor
245 _aTransformations:
_bWomen, gender & psychology /
_cMary Crawford ( University of Connecticut)
250 _a1st ed.
264 _aBoston:
_bMcGraw Hill,
_c2006.
300 _axxvi, Various pagings.:
_bill.
500 _aIncludes bibliographic references and index
650 _aWomen- Psychology
_xGender identity
942 _2lcc
_cBK
_e1st.
_h1206
_iCRA
_k2006